Measures to curtail state fuel tax evasion / (Record no. 529559)
[ view plain ]
| 000 -LEADER | |
|---|---|
| fixed length control field | 01117nam a2200313 a 4500 |
| 001 - CONTROL NUMBER | |
| control field | 2945664 |
| 003 - CONTROL NUMBER IDENTIFIER | |
| control field | NUST |
| 005 - DATE AND TIME OF LATEST TRANSACTION | |
| control field | 20190927152911.0 |
| 008 - FIXED-LENGTH DATA ELEMENTS--GENERAL INFORMATION | |
| fixed length control field | 900509s1990 dcu b f000 0 eng |
| 010 ## - LIBRARY OF CONGRESS CONTROL NUMBER | |
| LC control number | 90070737 |
| 020 ## - INTERNATIONAL STANDARD BOOK NUMBER | |
| International Standard Book Number | 0309049091 (pbk.) : |
| Terms of availability | $7.00 |
| 038 ## - RECORD CONTENT LICENSOR | |
| Staff Name | MSOHAIL |
| 040 ## - CATALOGING SOURCE | |
| Original cataloging agency | DLC |
| Transcribing agency | DLC |
| 043 ## - GEOGRAPHIC AREA CODE | |
| Geographic area code | n-us--- |
| 050 00 - LIBRARY OF CONGRESS CALL NUMBER | |
| Classification number | HD9565 |
| Item number | .R45 1990 |
| 082 00 - DEWEY DECIMAL CLASSIFICATION NUMBER | |
| Classification number | 336.278665538270973 |
| Edition number | 20 |
| 100 1# - MAIN ENTRY--PERSONAL NAME | |
| Personal name | Reno, A. T. |
| Fuller form of name | (Arlee T.) |
| 9 (RLIN) | 21836 |
| 245 10 - TITLE STATEMENT | |
| Title | Measures to curtail state fuel tax evasion / |
| Statement of responsibility, etc. | Arlee T. Reno. |
| 260 ## - PUBLICATION, DISTRIBUTION, ETC. | |
| Place of publication, distribution, etc. | Washington, D.C. : |
| Name of publisher, distributor, etc. | Transportation Research Board, National Research Council, |
| Date of publication, distribution, etc. | [1990] |
| 300 ## - PHYSICAL DESCRIPTION | |
| Extent | 14 p. ; |
| Dimensions | 28 cm. |
| 440 #0 - SERIES STATEMENT/ADDED ENTRY--TITLE | |
| Title | Synthesis of highway practice, |
| International Standard Serial Number | 0547-5570 ; |
| Volume/sequential designation | 164 |
| 9 (RLIN) | 21837 |
| 500 ## - GENERAL NOTE | |
| General note | "October 1990." |
| 504 ## - BIBLIOGRAPHY, ETC. NOTE | |
| Bibliography, etc. note | Includes bibliographical references (p. 14). |
| 650 #0 - SUBJECT ADDED ENTRY--TOPICAL TERM | |
| Topical term or geographic name entry element | Motor fuels |
| General subdivision | Taxation |
| Geographic subdivision | United States |
| General subdivision | States. |
| 9 (RLIN) | 21838 |
| 650 #0 - SUBJECT ADDED ENTRY--TOPICAL TERM | |
| Topical term or geographic name entry element | Tax evasion |
| Geographic subdivision | United States |
| General subdivision | States. |
| 9 (RLIN) | 21839 |
| 906 ## - LOCAL DATA ELEMENT F, LDF (RLIN) | |
| a | 7 |
| b | cbc |
| c | orignew |
| d | 2 |
| e | opcn |
| f | 19 |
| g | y-gencatlg |
| 942 ## - ADDED ENTRY ELEMENTS (KOHA) | |
| Source of classification or shelving scheme | |
| Koha item type | Book |
| Withdrawn status | Lost status | Source of classification or shelving scheme | Damaged status | Not for loan | Permanent Location | Current Location | Date acquired | Total Checkouts | Full call number | Barcode | Date last seen | Price effective from | Koha item type |
|---|---|---|---|---|---|---|---|---|---|---|---|---|---|
| School of Civil and Environmental Engineering (SCEE) | School of Civil and Environmental Engineering (SCEE) | 09/27/2019 | 336.278665538270973 | NIT-10977 | 09/27/2019 | 09/27/2019 | Book |
